[Event "aut_ychb10 Mattersburg"]
[Site "?"]
[Date "2007.??.??"]
[Round "5.7"]
[White "Heissenberger, Daniel"]
[Black "Leitner, Felix"]
[Result "0-1"]
[WhiteElo "1200"]
[BlackElo "1495"]
[PlyCount "62"]
[EventDate "2007.05.18"]

1. e4 e6 2. Nc3 Nf6 3. Nf3 d5 4. d3 d4 5. Nb5 Nc6 6. Bf4 Bd6 7. Nxd6+ cxd6 8.
e5 Qa5+ 9. Bd2 Qd8 10. exf6 Qxf6 11. Be2 h6 12. O-O Bd7 13. c3 g5 14. cxd4 g4
15. Ne1 h5 16. Bc3 d5 17. f3 Qh4 18. fxg4 hxg4 19. Bxg4 Qxh2+ 20. Kf2 Qh4+ 21.
g3 Qf6+ 22. Ke2 Rh2+ 23. Ke3 Qh6+ 24. Rf4 O-O-O 25. Nf3 Rg2 26. Qf1 Rxg3 27.
Bxe6 Re8 28. Kd2 Qxf4+ 29. Kc2 Rxf3 30. Bxd7+ Kxd7 31. Qxf3 Qxf3 0-1

[Event "aut_ychb10 Mattersburg"]
[Site "?"]
[Date "2007.??.??"]
[Round "5.8"]
[White "Andert, Thomas"]
[Black "Fischer, Maximilian"]
[Result "1/2-1/2"]
[WhiteElo "1445"]
[BlackElo "1261"]
[PlyCount "152"]
[EventDate "2007.05.18"]

1. Nf3 d5 2. d4 Nc6 3. e3 Bg4 4. Bd3 Nf6 5. O-O e6 6. Bd2 Bd6 7. Nc3 O-O 8. Qe2
Re8 9. a4 Qd7 10. b3 Re7 11. Ra2 Rae8 12. Re1 h6 13. Nb5 a6 14. Nxd6 Qxd6 15.
h3 Bh5 16. c3 Na5 17. c4 Nxb3 18. cxd5 exd5 19. Rb1 Nxd2 20. Qxd2 b6 21. Qe2
Nh7 22. Bxa6 Ng5 23. h4 Nxf3+ 24. Qxf3 Bxf3 25. gxf3 Re6 26. Bb5 Rg6+ 27. Kf1
Ree6 28. Bd3 Rgf6 29. f4 Qc6 30. Rc2 Qxa4 31. Rxc7 Qa3 32. Rc8+ Qf8 33. Rxf8+
Kxf8 34. f5 Rc6 35. Ra1 Rc3 36. Ra8+ Ke7 37. Ra7+ Kd6 38. e4 dxe4 39. Bxe4 Rc4
40. Ra6 Rxd4 41. Rxb6+ Ke5 42. Rxf6 gxf6 43. f3 Kf4 44. Kg2 Rd2+ 45. Kh3 Rd1
46. h5 Rh1+ 47. Kg2 Rxh5 48. Kf2 Rh2+ 49. Kg1 Ra2 50. Bd5 Rd2 51. Be4 Kg3 52.
Kf1 Rb2 53. Ke1 h5 54. Bd5 Kf4 55. Be4 h4 56. Kf1 Kg3 57. Bd5 h3 58. f4 Kxf4
59. Ke1 Kxf5 60. Kd1 Ke5 61. Ba8 Rb8 62. Bf3 Kf4 63. Bc6 Rc8 64. Bb7 Rc7 65.
Bh1 Ra7 66. Bc6 Ke3 67. Be8 Kd3 68. Bb5+ Kc3 69. Bc6 Rc7 70. Bh1 Kd3 71. Ke1
Rc1+ 72. Kf2 Rxh1 73. Kf3 Rg1 74. Kf2 Rg8 75. Kf3 h2 76. Kf2 h1=Q 1/2-1/2

[Event "aut_ychb10 Mattersburg"]
[Site "?"]
[Date "2007.??.??"]
[Round "6.1"]
[White "Gerhold, Florian"]
[Black "Kessler, Luca"]
[Result "0-1"]
[WhiteElo "1471"]
[BlackElo "1716"]
[PlyCount "66"]
[EventDate "2007.05.18"]

1. e4 c5 2. Bc4 e6 3. Qe2 a6 4. Bb3 d6 5. Nf3 Nf6 6. O-O Be7 7. Rd1 O-O 8. d4
cxd4 9. Nxd4 Qc7 10. Be3 Nxe4 11. Bh6 Nf6 12. Be3 d5 13. c3 Nc6 14. Bc2 Bd6 15.
Nf3 Ne5 16. Nxe5 Bxe5 17. g3 Bd7 18. Bd4 Bxd4 19. Rxd4 Rac8 20. Rh4 Qb6 21. Qd3
g6 22. b3 Bb5 23. Qf3 Nd7 24. Qf4 f5 25. c4 dxc4 26. Nd2 Qc7 27. Qh6 Nf6 28.
Re1 Rce8 29. h3 Qg7 30. Qxg7+ Kxg7 31. bxc4 Bc6 32. Bb3 Rd8 33. Nb1 g5 0-1

[Event "aut_ychb10 Mattersburg"]
[Site "?"]
[Date "2007.??.??"]
[Round "6.3"]
[White "Gludovatz, Lukas"]
[Black "Raith, Andreas"]
[Result "0-1"]
[WhiteElo "1356"]
[BlackElo "1293"]
[PlyCount "68"]
[EventDate "2007.05.18"]

1. e4 e6 2. d4 d5 3. exd5 exd5 4. Bd3 Nf6 5. Ne2 c5 6. O-O Nc6 7. Re1 Be7 8.
dxc5 O-O 9. Ng3 Bxc5 10. Nh5 g6 11. Ng3 Ng4 12. Be3 Bxe3 13. fxe3 Qf6 14. Qd2
Re8 15. c3 Qe7 16. e4 dxe4 17. h3 Qh4 18. Rxe4 Rxe4 19. Nxe4 Nge5 20. Qf2 Qxf2+
21. Nxf2 Nxd3 22. Nxd3 Bf5 23. Nf2 Re8 24. Kf1 Ne5 25. Nd2 Nd3 26. Nxd3 Bxd3+
27. Kf2 Re2+ 28. Kf3 Rxd2 29. Re1 Rxb2 30. Re8+ Kg7 31. Re7 Bc4 32. a4 Bd5+ 33.
Ke3 Bxg2 34. h4 Rb3 0-1

[Event "aut_ychb10 Mattersburg"]
[Site "?"]
[Date "2007.??.??"]
[Round "6.4"]
[White "Ziller, Philipp"]
[Black "Hribernig, Florian"]
[Result "1/2-1/2"]
[WhiteElo "1513"]
[BlackElo "1209"]
[PlyCount "115"]
[EventDate "2007.05.18"]

1. d4 d5 2. Nf3 Nf6 3. Bf4 Bf5 4. Nbd2 Nbd7 5. e3 e6 6. Bd3 Bxd3 7. cxd3 Bd6 8.
Ne5 O-O 9. O-O Re8 10. e4 Bb4 11. Nxd7 Nxd7 12. e5 c6 13. Nf3 Nb6 14. a3 Be7
15. Qc1 Rc8 16. b4 Nd7 17. Qe3 f6 18. exf6 Bxf6 19. Bg5 Bxg5 20. Nxg5 Nf8 21.
f4 h6 22. Nh3 Qd6 23. Qd2 Ng6 24. f5 exf5 25. Rxf5 Rf8 26. Rff1 Rxf1+ 27. Rxf1
Rf8 28. Rxf8+ Nxf8 29. Nf2 Qf6 30. Qe3 Ne6 31. Ng4 Qxd4 32. Qxd4 Nxd4 33. Kf2
Nc2 34. Kf3 Kf7 35. Kf4 Nd4 36. Ke5 Nb5 37. a4 Nc3 38. b5 cxb5 39. axb5 Ke7 40.
Kd4 Nxb5+ 41. Kxd5 Nc7+ 42. Ke5 a5 43. Kd4 a4 44. Kc3 Kd6 45. Kb4 b5 46. Ne3 g6
47. h4 h5 48. g4 hxg4 49. Nxg4 Kd5 50. Nf2 Kd4 51. Nh3 Kxd3 52. Nf4+ Ke4 53.
Nxg6 Kf5 54. h5 Kg5 55. Nf4 Ne8 56. Nd5 Kxh5 57. Kxb5 Nc7+ 58. Kxa4 1/2-1/2

[Event "aut_ychb10 Mattersburg"]
[Site "?"]
[Date "2007.??.??"]
[Round "6.5"]
[White "Leitner, Felix"]
[Black "Liao, Kenny"]
[Result "1-0"]
[WhiteElo "1495"]
[BlackElo "1458"]
[PlyCount "27"]
[EventDate "2007.05.18"]

1. e4 e5 2. Nf3 Nc6 3. Bc4 Bc5 4. b4 Bxb4 5. c3 Bc5 6. O-O Qf6 7. d4 exd4 8. e5
Qe7 9. cxd4 Bb6 10. Bg5 f6 11. exf6 gxf6 12. Re1 Ne5 13. Nxe5 Qf8 14. Ng6+ 1-0

[Event "aut_ychb10 Mattersburg"]
[Site "?"]
[Date "2007.??.??"]
[Round "6.6"]
[White "Steiner, Martin"]
[Black "Andert, Thomas"]
[Result "1-0"]
[WhiteElo "1406"]
[BlackElo "1445"]
[PlyCount "55"]
[EventDate "2007.05.18"]

1. c4 Nf6 2. e3 e5 3. d4 exd4 4. exd4 Qe7+ 5. Be2 Qb4+ 6. Nc3 Bd6 7. Nf3 O-O 8.
O-O Nc6 9. a3 Qb6 10. c5 Bxc5 11. dxc5 Qxc5 12. Be3 Qh5 13. Qd3 Re8 14. Nd4 Ng4
15. h3 Nxf2 16. Rxf2 Qc5 17. b4 Qe7 18. Rf3 Nxd4 19. Qxd4 h6 20. Rg3 f6 21. Qg4
d5 22. Qh4 Rd8 23. Rd1 Be6 24. Bd4 g5 25. Qxh6 Qd6 26. Bxf6 Rd7 27. Rxg5+ Kf7
28. Bh5# 1-0

[Event "aut_ychb10 Mattersburg"]
[Site "?"]
[Date "2007.??.??"]
[Round "6.7"]
[White "Heissenberger, Daniel"]
[Black "Proyer, Enno"]
[Result "0-1"]
[WhiteElo "1200"]
[BlackElo "1440"]
[PlyCount "96"]
[EventDate "2007.05.18"]

1. e4 e5 2. Nf3 Nf6 3. Nc3 Nc6 4. Bc4 Nxe4 5. Nxe4 d5 6. Bd3 dxe4 7. Bxe4 Bg4
8. h3 Bh5 9. O-O Qd7 10. Nxe5 Bxd1 11. Nxd7 Kxd7 12. Rxd1 Bd6 13. Re1 Rhe8 14.
Bf5+ Kd8 15. Rxe8+ Kxe8 16. Bxh7 g6 17. d3 Kd7 18. Bg5 Rh8 19. Bxg6 fxg6 20. c4
Be7 21. Bxe7 Kxe7 22. Re1+ Kd6 23. d4 Nxd4 24. Rd1 Kc5 25. b3 Rd8 26. Re1 Rg8
27. Re7 Kd6 28. Re4 Nc6 29. a3 a5 30. Rg4 b6 31. h4 Ke5 32. f3 Ne7 33. Kh2 Nf5
34. Kh3 Kf6 35. Rf4 Ke5 36. Rg4 Rh8 37. g3 Kf6 38. Rg5 Nd4 39. Rg4 Ne6 40. f4
Rh7 41. a4 Rh8 42. Kh2 Nc5 43. Kh3 Nxb3 44. Kh2 Nd2 45. Kh3 Ne4 46. Kh2 c6 47.
Kh3 Nf2+ 48. Kg2 Nxg4 0-1

[Event "aut_ychb10 Mattersburg"]
[Site "?"]
[Date "2007.05.18"]
[Round "7.1"]
[White "Kessler, Luca"]
[Black "Raith, Andreas"]
[Result "1-0"]
[WhiteElo "1716"]
[BlackElo "1293"]
[PlyCount "57"]
[EventDate "2007.05.18"]

1. d4 d5 2. Nf3 Nf6 3. c4 e6 4. Bg5 Be7 5. Nc3 c6 6. e3 Nbd7 7. cxd5 exd5 8.
Be2 h6 9. Bh4 Nb6 10. O-O Nc4 11. Bxc4 dxc4 12. Ne5 Be6 13. Qe2 b5 14. Nxc6 Qc7
15. Nxe7 Qxe7 16. Nxb5 Bf5 17. Bxf6 Qxf6 18. Nc7+ Ke7 19. Nd5+ Kf8 20. Nxf6 Bd3
21. Qf3 Bxf1 22. Qxa8+ Ke7 23. Qxh8 Kxf6 24. Qd8+ Kg6 25. Rxf1 Kh7 26. Rc1 g5
27. Rxc4 f6 28. Qe8 a5 29. Rc7# 1-0

[Event "aut_ychb10 Mattersburg"]
[Site "?"]
[Date "2007.05.18"]
[Round "7.2"]
[White "Huber, Martin Christian"]
[Black "Ziller, Philipp"]
[Result "1-0"]
[WhiteElo "1502"]
[BlackElo "1513"]
[PlyCount "33"]
[EventDate "2007.05.18"]

1. e4 e5 2. Nf3 Nc6 3. Bc4 Bc5 4. c3 Nge7 5. d4 exd4 6. cxd4 Bb4+ 7. Bd2 Bxd2+
8. Nbxd2 d6 9. h3 O-O 10. O-O a6 11. Bd3 b6 12. Rc1 h6 13. Bb1 Ng6 14. Rxc6 Nf4
15. Qc2 Ra7 16. e5 Nd5 17. Qh7# 1-0

[Event "aut_ychb10 Mattersburg"]
[Site "?"]
[Date "2007.05.18"]
[Round "7.3"]
[White "Leitner, Felix"]
[Black "Jakob, Tobias"]
[Result "1-0"]
[WhiteElo "1495"]
[BlackElo "1365"]
[PlyCount "88"]
[EventDate "2007.05.18"]

1. e4 e5 2. Nf3 Nc6 3. Bc4 Bc5 4. b4 Bxb4 5. c3 Ba5 6. O-O d6 7. d4 Bb6 8. Qb3
Qf6 9. Bg5 Qg6 10. Be3 Bd7 11. Rd1 Na5 12. Qb4 Nxc4 13. Qxc4 Bg4 14. Nbd2 Nf6
15. dxe5 dxe5 16. Nxe5 Qh5 17. Nef3 O-O 18. h3 Bxf3 19. Nxf3 Qg6 20. Bxb6 cxb6
21. Rd4 Rad8 22. Rad1 Rxd4 23. Rxd4 Re8 24. Nh4 Qg5 25. Nf3 Qc1+ 26. Kh2 Qf4+
27. Kg1 Qc1+ 28. Kh2 Qf4+ 29. Kh1 h6 30. Qa4 a5 31. e5 Qc1+ 32. Kh2 Nh7 33.
Qxe8+ Nf8 34. Rd7 Qf4+ 35. Kh1 Qc1+ 36. Ng1 Qa3 37. e6 fxe6 38. Qxe6+ Kh7 39.
Qd6 Qxd6 40. Rxd6 b5 41. Rb6 b4 42. cxb4 axb4 43. Rxb7 b3 44. Rxb3 g5 1-0

[Event "aut_ychb10 Mattersburg"]
[Site "?"]
[Date "2007.05.18"]
[Round "7.4"]
[White "Proyer, Enno"]
[Black "Steiner, Martin"]
[Result "1-0"]
[WhiteElo "1440"]
[BlackElo "1406"]
[PlyCount "47"]
[EventDate "2007.05.18"]

1. e4 e6 2. d4 d5 3. Nc3 c5 4. dxc5 Bxc5 5. exd5 Nf6 6. dxe6 Qxd1+ 7. Nxd1 Bxe6
8. Bb5+ Nc6 9. Nf3 O-O 10. Nc3 Rfe8 11. O-O Rad8 12. Bg5 Be7 13. a3 a6 14. Bxc6
bxc6 15. Rad1 Nd5 16. Bxe7 Rxe7 17. Nxd5 Bxd5 18. c4 Re2 19. b3 Rb8 20. cxd5
Rc2 21. d6 Rd8 22. d7 Re2 23. Nd4 Rxd7 24. Nxe2 1-0

[Event "aut_ychb10 Mattersburg"]
[Site "?"]
[Date "2007.05.18"]
[Round "7.6"]
[White "Andert, Thomas"]
[Black "Gerhold, Florian"]
[Result "1-0"]
[WhiteElo "1445"]
[BlackElo "1471"]
[PlyCount "71"]
[EventDate "2007.05.18"]

1. Nf3 d5 2. d4 Nf6 3. Nc3 Bf5 4. Bf4 e6 5. Nb5 Bd6 6. Bxd6 cxd6 7. e3 a6 8.
Nc3 Nc6 9. Bd3 Bg6 10. O-O O-O 11. Bxg6 fxg6 12. Ng5 h6 13. Nxe6 Qd7 14. Nxf8
Rxf8 15. Qd3 Qg4 16. h3 Qg5 17. Ne2 Ne4 18. Nf4 Rf6 19. f3 Ng3 20. Rf2 Nb4 21.
Qc3 Nc6 22. Qd3 Nb4 23. Qb3 a5 24. c3 Nd3 25. Nxd5 Rf5 26. Ne7+ Kf8 27. Nxf5
Nxf2 28. Kxf2 Nxf5 29. f4 Qh4+ 30. Kg1 Nxe3 31. Qxb7 Qxf4 32. Qc8+ Kf7 33. Qd7+
Kg8 34. Qe8+ Kh7 35. Re1 Nc2 36. Rf1 1-0

[Event "aut_ychb10 Mattersburg"]
[Site "?"]
[Date "2007.05.18"]
[Round "7.7"]
[White "Fischer, Maximilian"]
[Black "Gludovatz, Lukas"]
[Result "1/2-1/2"]
[WhiteElo "1261"]
[BlackElo "1356"]
[PlyCount "70"]
[EventDate "2007.05.18"]

1. e4 e6 2. d4 d5 3. exd5 exd5 4. Bd3 Bd6 5. Nc3 c6 6. Nf3 Ne7 7. O-O O-O 8.
Be3 Bf5 9. Re1 Re8 10. Qd2 Qc7 11. Re2 Bg4 12. Rae1 Bxf3 13. gxf3 Bxh2+ 14. Kf1
Qd7 15. Ra1 Qh3+ 16. Ke1 Bd6 17. Kd1 Qxf3 18. Qe1 Nd7 19. Qg1 Ng6 20. Kd2 Bf4
21. Rae1 Bxe3+ 22. fxe3 Qh5 23. Rh2 Nh4 24. Qg3 Nf3+ 25. Kc1 Nxh2 26. Rh1 Qh6
27. Nd1 f6 28. Rxh2 Qg5 29. Qh3 Qh6 30. Qg3 Qg5 31. Bxh7+ Kf8 32. Qd6+ Re7 33.
Bg8 Rd8 34. Rh8 Ke8 35. Be6+ Nf8 1/2-1/2

[Event "aut_ychb10 Mattersburg"]
[Site "?"]
[Date "2007.05.18"]
[Round "7.8"]
[White "Liao, Kenny"]
[Black "Heissenberger, Daniel"]
[Result "1-0"]
[WhiteElo "1458"]
[BlackElo "1200"]
[PlyCount "57"]
[EventDate "2007.05.18"]

1. e4 e5 2. Nf3 Nc6 3. Nc3 Nf6 4. Bc4 Bc5 5. Ng5 O-O 6. O-O d6 7. h3 Ne8 8. d3
h6 9. Nf3 Qf6 10. Nd5 Qg6 11. Nh4 Qh7 12. Qh5 g5 13. Nf5 Bxf5 14. exf5 Qxf5 15.
Qxh6 Qg6 16. Qxg6+ fxg6 17. Nxc7+ Kg7 18. Nxa8 Rf5 19. g4 Rf3 20. Kg2 Rf8 21.
Bxg5 Bd4 22. c3 Bc5 23. Rad1 Nf6 24. Nc7 Bb6 25. Ne6+ Kf7 26. Nxf8+ Kxf8 27.
Bh6+ Ke7 28. g5 Ng8 29. Bxg8 1-0